[Event "Santa Cruz CajaCanarias op"]
[Site "Santa Cruz"]
[Date "2016.05.16"]
[Round "7"]
[White "Guniaeva, Olga"]
[Black "Reyes Lopez, Angel"]
[Result "1/2-1/2"]
[WhiteElo "1723"]
[BlackElo "1363"]
[PlyCount "88"]
[EventDate "2016.04.27"]
[EventType "swiss"]
[EventRounds "9"]
[EventCountry "ESP"]
[SourceTitle "CBM 172 Extra"]
[Source "ChessBase"]
[SourceDate "2016.06.21"]
[SourceVersion "1"]
[SourceVersionDate "2016.06.21"]
[SourceQuality "1"]

1. d4 Nf6 2. c4 e6 3. Nc3 Bb4 4. Qc2 d5 5. Nf3 0-0 6. cxd5 exd5 7. e3 b6 8. Be2 c5 9. Bd2 Ba6 10. Bxa6 Nxa6 11. 0-0 Rc8 12. Qa4 cxd4 13. exd4 Bxc3 14. Bxc3 Nc7 15. Rfe1 a5 16. Ne5 Re8 17. Re3 Ne4 18. Rae1 Ne6 19. f3 Nd6 20. Qd1 f6 21. Ng4 Qd7 22. Qd3 a4 23. b3 h5 24. Nf2 Kf7 25. Nh3 axb3 26. axb3 Qb5 27. Qb1 Qd7 28. Bb2 Nb5 29. Qf5 Nf8 30. Qxh5+ g6 31. Qh4 Rxe3 32. Rxe3 Qf5 33. Qe1 Ne6 34. Nf2 Nbxd4 35. Bxd4 Nxd4 36. Qd2 Nc6 37. Nd3 g5 38. g4 Qd7 39. Kg2 Re8 40. Kf2 Rh8 41. Kg1 Re8 42. h3 d4 43. Re2 Rxe2 44. Qxe2 Qd5 1/2-1/2

[Event "Santa Cruz CajaCanarias op"]
[Site "Santa Cruz"]
[Date "2016.04.29"]
[Round "2"]
[White "Molina Rodriguez, Borja"]
[Black "Guniaeva, Olga"]
[Result "1/2-1/2"]
[WhiteElo "2170"]
[BlackElo "1723"]
[PlyCount "79"]
[EventDate "2016.04.27"]
[EventType "swiss"]
[EventRounds "9"]
[EventCountry "ESP"]
[SourceTitle "CBM 172 Extra"]
[Source "ChessBase"]
[SourceDate "2016.06.21"]
[SourceVersion "1"]
[SourceVersionDate "2016.06.21"]
[SourceQuality "1"]

1. e4 c6 2. Nc3 d5 3. Nf3 dxe4 4. Nxe4 Bg4 5. h3 Bxf3 6. Qxf3 e6 7. b3 Nd7 8. Bb2 Ngf6 9. Nxf6+ Nxf6 10. g4 Qd5 11. Bg2 0-0-0 12. Rd1 Qxf3 13. Bxf3 h6 14. c4 Bc5 15. d4 Bb4+ 16. Kf1 Rhe8 17. Kg2 Bf8 18. Rhe1 Re7 19. b4 Red7 20. Bc3 a6 21. a4 Kb8 22. Rb1 Rc8 23. a5 Ne8 24. Rec1 Nd6 25. Bd2 g5 26. h4 Be7 27. hxg5 hxg5 28. Be3 Bf6 29. Rb3 Rcd8 30. Rc2 Rc8 31. Be2 Ka8 32. Rcb2 Ne8 33. b5 axb5 34. cxb5 c5 35. dxc5 Bxb2 36. Rxb2 Nf6 37. Bf3 Nd5 38. Bxg5 Rxc5 39. Bd2 Kb8 40. Kg3 1/2-1/2

[Event "Tenerife-ch"]
[Site "Santa Cruz de Tenerife"]
[Date "2016.04.20"]
[Round "9.13"]
[White "Guniaeva, Olga"]
[Black "Bernardez Gonzalez, Roberto"]
[Result "0-1"]
[WhiteElo "1723"]
[BlackElo "1571"]
[PlyCount "54"]
[EventDate "2016.04.01"]
[EventType "swiss"]
[EventRounds "9"]
[EventCountry "ESP"]
[SourceTitle "EXT 2024"]
[Source "ChessBase"]
[SourceDate "2023.10.10"]
[SourceVersion "1"]
[SourceVersionDate "2023.10.10"]
[SourceQuality "1"]

1. d4 Nf6 2. c4 e6 3. Nc3 Bb4 4. Nf3 b6 5. Bg5 h6 6. Bh4 g5 7. Bg3 Ne4 8. Qc2 Bxc3+ 9. bxc3 Nxg3 10. hxg3 Bb7 11. e3 d6 12. Be2 Qe7 13. Rd1 Nd7 14. 0-0 0-0-0 15. Nh2 h5 16. Bf3 g4 17. Bxb7+ Kxb7 18. Rfe1 Rdg8 19. Nf1 h4 20. Qe4+ Kb8 21. f4 gxf3 22. Qxf3 hxg3 23. Nxg3 Qh4 24. Kf2 Nf6 25. e4 Ng4+ 26. Ke2 Nh2 27. Qf2 Rxg3 0-1

[Event "Tenerife-ch"]
[Site "Santa Cruz de Tenerife"]
[Date "2016.04.15"]
[Round "7.11"]
[White "Diaz Reyes, Killian"]
[Black "Guniaeva, Olga"]
[Result "1-0"]
[WhiteElo "1232"]
[BlackElo "1723"]
[PlyCount "91"]
[EventDate "2016.04.01"]
[EventType "swiss"]
[EventRounds "9"]
[EventCountry "ESP"]
[SourceTitle "EXT 2024"]
[Source "ChessBase"]
[SourceDate "2023.10.10"]
[SourceVersion "1"]
[SourceVersionDate "2023.10.10"]
[SourceQuality "1"]

1. e4 c6 2. d4 d5 3. exd5 cxd5 4. Nc3 Nc6 5. Nf3 Bg4 6. Be2 Nf6 7. Bf4 e6 8. 0-0 Be7 9. Qd2 0-0 10. Rfd1 Rc8 11. h3 Bh5 12. Rac1 Bb4 13. a3 Ne4 14. Qd3 Nxc3 15. bxc3 Bxa3 16. Rb1 b6 17. c4 Be7 18. Ne5 Nxe5 19. Bxe5 Bxe2 20. Qxe2 Rxc4 21. Qg4 Bf6 22. f4 Rxc2 23. Rd3 g6 24. Rg3 Bg7 25. Rbb3 f5 26. Qf3 Bxe5 27. dxe5 Qc7 28. h4 Qc5+ 29. Kh2 Rc1 30. Re3 Kf7 31. h5 Rh8 32. Rh3 Qf8 33. Ra3 Rc7 34. Qe2 Kg7 35. Qf2 Qe8 36. Qg3 Kg8 37. Qg5 Qe7 38. Qh6 Qg7 39. Qg5 Kf7 40. h6 Qg8 41. Rhc3 Qd8 42. Qxd8 Rxd8 43. Rxc7+ Kg8 44. Raxa7 b5 45. Rxh7 b4 46. Rag7+ 1-0

[Event "Tenerife-ch"]
[Site "Santa Cruz de Tenerife"]
[Date "2016.04.13"]
[Round "6.5"]
[White "Guniaeva, Olga"]
[Black "Rodriguez Redondo, Adhara"]
[Result "0-1"]
[WhiteElo "1723"]
[BlackElo "1741"]
[PlyCount "124"]
[EventDate "2016.04.01"]
[EventType "swiss"]
[EventRounds "9"]
[EventCountry "ESP"]
[SourceTitle "EXT 2024"]
[Source "ChessBase"]
[SourceDate "2023.10.10"]
[SourceVersion "1"]
[SourceVersionDate "2023.10.10"]
[SourceQuality "1"]

1. d4 d5 2. c4 e6 3. Nc3 Be7 4. Bf4 Nf6 5. e3 0-0 6. cxd5 exd5 7. Bd3 c6 8. Nf3 Bg4 9. h3 Bh5 10. 0-0 Nbd7 11. Rb1 a5 12. g4 Bg6 13. Kh2 Ne4 14. Qc2 Ng5 15. Ne1 Ne6 16. Bg3 Bh4 17. Ne2 Be7 18. f4 Bxd3 19. Qxd3 Nf6 20. Ng2 Rc8 21. a3 b6 22. Nc3 Re8 23. g5 Nh5 24. Be1 g6 25. h4 Neg7 26. Rd1 Nf5 27. Bf2 Bd6 28. Rd2 Qc7 29. Rc2 Qb8 30. Rd2 Re6 31. Re2 Rce8 32. Rfe1 R8e7 33. Qd2 f6 34. Rh1 Qe8 35. Rhe1 Kg7 36. Na4 fxg5 37. hxg5 Nxf4 38. Nxf4 Bxf4+ 39. Kg1 Bxe3 40. Bxe3 Rxe3 41. Rxe3 Rxe3 42. Rxe3 Qxe3+ 43. Qxe3 Nxe3 44. Nxb6 Nc2 45. Kf2 Nxd4 46. Ke3 Ne6 47. Nc8 Nxg5 48. Ne7 h5 49. Nxc6 Ne6 50. Nxa5 d4+ 51. Kf3 g5 52. Nc4 Kf6 53. b4 g4+ 54. Kg3 Kg5 55. b5 h4+ 56. Kg2 Kf4 57. b6 Nc5 58. Nb2 Ke3 59. Nd1+ Ke2 60. Nf2 d3 61. Nxg4 d2 62. Nf2 h3+ 0-1

[Event "Tenerife-ch"]
[Site "Santa Cruz de Tenerife"]
[Date "2016.04.11"]
[Round "5.5"]
[White "Darias Darias, Luis"]
[Black "Guniaeva, Olga"]
[Result "1/2-1/2"]
[WhiteElo "1757"]
[BlackElo "1723"]
[PlyCount "47"]
[EventDate "2016.04.01"]
[EventType "swiss"]
[EventRounds "9"]
[EventCountry "ESP"]
[SourceTitle "EXT 2024"]
[Source "ChessBase"]
[SourceDate "2023.10.10"]
[SourceVersion "1"]
[SourceVersionDate "2023.10.10"]
[SourceQuality "1"]

1. Nf3 d5 2. d4 Nf6 3. e3 Bg4 4. h3 Bh5 5. Nbd2 e6 6. c3 Nbd7 7. Qb3 Rb8 8. c4 c6 9. a4 Be7 10. Bd3 0-0 11. 0-0 Qc7 12. Re1 Rfe8 13. e4 dxe4 14. Bxe4 Nxe4 15. Nxe4 c5 16. dxc5 Nxc5 17. Nxc5 Bxc5 18. Ne5 Bd6 19. Qc3 f6 20. Nd3 Rbc8 21. b3 Bg6 22. Be3 Rcd8 23. Rad1 a5 24. Qc2 1/2-1/2

[Event "Tenerife-ch"]
[Site "Santa Cruz de Tenerife"]
[Date "2016.04.08"]
[Round "4.2"]
[White "Guniaeva, Olga"]
[Black "Hernandez Leon, Alberto"]
[Result "0-1"]
[WhiteElo "1723"]
[BlackElo "2321"]
[PlyCount "66"]
[EventDate "2016.04.01"]
[EventType "swiss"]
[EventRounds "9"]
[EventCountry "ESP"]
[SourceTitle "EXT 2024"]
[Source "ChessBase"]
[SourceDate "2023.10.10"]
[SourceVersion "1"]
[SourceVersionDate "2023.10.10"]
[SourceQuality "1"]

1. d4 c5 2. d5 g6 3. c4 Bg7 4. Qc2 d6 5. e4 Nf6 6. Bd3 0-0 7. Nc3 Na6 8. a3 e6 9. Nge2 Nc7 10. 0-0 exd5 11. cxd5 Rb8 12. Ng3 b5 13. h3 Nd7 14. Bd2 c4 15. Be2 Nc5 16. Na2 Nb3 17. Rad1 Nxd2 18. Rxd2 Na6 19. b3 cxb3 20. Qxb3 Nc5 21. Qb4 a5 22. Qb1 Bd7 23. Bd1 Qg5 24. Qc1 b4 25. axb4 axb4 26. Rc2 Qxc1 27. Nxc1 b3 28. Nxb3 Nxb3 29. Rc7 Nc5 30. Bc2 Rfc8 31. Ra7 Ra8 32. Rxa8 Rxa8 33. Rb1 Be5 0-1

[Event "Las Palmas Montalvo Memorial 9th"]
[Site "Las Palmas"]
[Date "2016.03.23"]
[Round "3"]
[White "Rodriguez Melian, Jose Luis"]
[Black "Guniaeva, Olga"]
[Result "1-0"]
[WhiteElo "2129"]
[BlackElo "1723"]
[PlyCount "95"]
[EventDate "2016.03.21"]
[EventType "swiss"]
[EventRounds "9"]
[EventCountry "ESP"]
[SourceTitle "CBM 171 Extra"]
[Source "ChessBase"]
[SourceDate "2016.04.26"]
[SourceVersion "1"]
[SourceVersionDate "2016.04.26"]
[SourceQuality "1"]

1. d4 d5 2. c4 c6 3. Nd2 Nf6 4. Ngf3 Bf5 5. g3 e6 6. Bg2 Be7 7. 0-0 0-0 8. Nh4 Bg4 9. Re1 Nbd7 10. Qc2 dxc4 11. Nhf3 Rc8 12. Ne5 Bh5 13. Ndxc4 Nb6 14. Bg5 Nxc4 15. Qxc4 Qc7 16. b4 Nd5 17. Bxe7 Qxe7 18. a3 f6 19. Nd3 Bf7 20. Qc5 b6 21. Qxe7 Nxe7 22. e3 Rfd8 23. Bh3 g5 24. f4 h6 25. Rac1 Kg7 26. Kf2 Rd6 27. Bg2 Rd7 28. Rh1 Bg6 29. Rhd1 Bxd3 30. Rxd3 c5 31. bxc5 bxc5 32. Rdc3 c4 33. Rxc4 Rcd8 34. Ke2 Kf7 35. Rc5 Rb8 36. R1c2 Rb3 37. R5c3 Rb8 38. Bf3 Nd5 39. Bxd5 exd5 40. fxg5 hxg5 41. Kf3 Kg6 42. Rc7 Rb7 43. Rxd7 Rxd7 44. Rc5 Kf7 45. h4 Kg6 46. hxg5 Kxg5 47. e4 f5 48. Rxd5 1-0

[Event "Santa Cruz de Tenerife-ch U18"]
[Site "Santa Cruz de Tenerife"]
[Date "2016.01.29"]
[Round "7.4"]
[White "Guniaeva, Olga"]
[Black "Rodriguez Redondo, Ethan"]
[Result "0-1"]
[WhiteElo "1872"]
[BlackElo "1812"]
[PlyCount "88"]
[EventDate "2016.01.15"]
[EventType "swiss"]
[EventRounds "7"]
[EventCountry "ESP"]
[SourceTitle "EXT 2024"]
[Source "ChessBase"]
[SourceDate "2023.10.10"]
[SourceVersion "1"]
[SourceVersionDate "2023.10.10"]
[SourceQuality "1"]

1. d4 Nf6 2. c4 e6 3. Nc3 Bb4 4. Nf3 0-0 5. Bg5 c5 6. e3 d6 7. Bd3 Nc6 8. 0-0 Bxc3 9. bxc3 b6 10. e4 e5 11. d5 Na5 12. Nd2 h6 13. Bh4 g5 14. Bg3 Bd7 15. h4 Kg7 16. hxg5 hxg5 17. f3 Nh5 18. Kf2 Qf6 19. Rh1 Rh8 20. Qe2 Rh6 21. Rag1 Rah8 22. Nf1 a6 23. Ke1 b5 24. cxb5 c4 25. Bxc4 Nxc4 26. Qxc4 Bxb5 27. Qb3 Bxf1 28. Rxh5 Rxh5 29. Rxf1 Qd8 30. Qc2 Qa5 31. Ke2 Rb8 32. Rd1 Qa3 33. Kd3 Rb2 34. Qc1 Qxa2 35. Rd2 Rxd2+ 36. Qxd2 Qxd2+ 37. Kxd2 Rh1 38. c4 Rg1 39. Kd3 Rxg2 40. Be1 Kf8 41. Bb4 Ke7 42. c5 dxc5 43. Bxc5+ Kd7 44. Bb6 Ra2 0-1

[Event "Santa Cruz de Tenerife-ch U18"]
[Site "Santa Cruz de Tenerife"]
[Date "2016.01.15"]
[Round "1.1"]
[White "Gil Ojeda, Jorge"]
[Black "Guniaeva, Olga"]
[Result "1-0"]
[WhiteElo "1459"]
[BlackElo "1872"]
[PlyCount "110"]
[EventDate "2016.01.15"]
[EventType "swiss"]
[EventRounds "7"]
[EventCountry "ESP"]
[SourceTitle "EXT 2024"]
[Source "ChessBase"]
[SourceDate "2023.10.10"]
[SourceVersion "1"]
[SourceVersionDate "2023.10.10"]
[SourceQuality "1"]

1. e4 c6 2. d4 d5 3. Nc3 dxe4 4. Nxe4 Bf5 5. Ng3 Bg6 6. Nf3 Nd7 7. h4 h6 8. Bf4 Qa5+ 9. c3 Qb6 10. Qd2 Ngf6 11. Be2 e6 12. 0-0 Be7 13. b4 0-0 14. Bd3 Bxd3 15. Qxd3 Nd5 16. Bd2 Qc7 17. Rab1 b6 18. Rfc1 N5f6 19. a4 Bd6 20. Ne4 Nxe4 21. Qxe4 Nf6 22. Qe2 c5 23. dxc5 bxc5 24. b5 c4 25. Nd4 Bf4 26. Bxf4 Qxf4 27. g3 Qe4 28. Qxe4 Nxe4 29. Rb4 Nd6 30. Nc6 a5 31. Rbb1 Nb7 32. b6 Kh7 33. Rd1 Rfc8 34. Rd7 Nc5 35. Ra7 Nb7 36. Ne7 Rcb8 37. Nc6 Rc8 38. Rb5 Rab8 39. Nxb8 Rxb8 40. Kg2 Kg6 41. Kf3 Kf6 42. Ke3 e5 43. Rb1 Ke6 44. Ke4 Nc5+ 45. Ke3 Nb7 46. Rd1 Nc5 47. Rxa5 Nd7 48. Rb5 Rxb6 49. Rxb6+ Nxb6 50. a5 Nd5+ 51. Kd2 Kd6 52. Rb1 Kc6 53. a6 Nc7 54. a7 Na8 55. Rb8 Nc7 1-0

[Event "Santa Cruz de Tenerife op 26th"]
[Site "Santa Cruz de Tenerife"]
[Date "2015.12.22"]
[Round "6"]
[White "Hidalgo Santana, Fernando"]
[Black "Guniaeva, Olga"]
[Result "1-0"]
[WhiteElo "2201"]
[BlackElo "1922"]
[PlyCount "147"]
[EventDate "2015.12.15"]
[EventType "swiss"]
[EventRounds "9"]
[EventCountry "ESP"]
[SourceTitle "CBM 170 Extra"]
[Source "ChessBase"]
[SourceDate "2016.02.25"]
[SourceVersion "1"]
[SourceVersionDate "2016.02.25"]
[SourceQuality "1"]

1. e4 c6 2. f4 d5 3. e5 h5 4. d4 Bg4 5. Nf3 e6 6. Be2 Nh6 7. Be3 Nf5 8. Bf2 Be7 9. 0-0 Nd7 10. Nbd2 c5 11. c4 dxc4 12. Nxc4 0-0 13. d5 exd5 14. Qxd5 Nb6 15. Qxb7 g6 16. Rfd1 Qc8 17. Qxc8 Raxc8 18. Rac1 Rfd8 19. Na5 Rxd1+ 20. Rxd1 Ng7 21. h3 Be6 22. b3 Nd5 23. Rc1 Nxf4 24. Ba6 Rc7 25. Be3 Nd5 26. Bd2 Ne8 27. a3 Nb6 28. Be3 Bc8 29. Bb5 Bd7 30. Bd3 Be6 31. a4 Nd5 32. Bd2 Kf8 33. Ng5 Ng7 34. Nxe6+ Nxe6 35. Be4 Rd7 36. Bh6+ Ke8 37. Bd3 Ndc7 38. Bc4 Bf8 39. Be3 Nd8 40. Kf2 Be7 41. Kf3 Kf8 42. b4 cxb4 43. Bxa7 Nd5 44. Bf2 Nc3 45. Nb3 Rc7 46. Ba6 Ne6 47. Bb6 Rd7 48. a5 Bd8 49. Bc8 Rd3+ 50. Kf2 Nd5 51. Bxd8 Nxd8 52. Nc5 Ra3 53. a6 Nb6 54. Bb7 Ke7 55. Rb1 b3 56. Nxb3 Kd7 57. Nd4 Ra2+ 58. Kf3 Nxb7 59. Rxb6 Nc5 60. Rd6+ Ke8 61. Nb5 Nxa6 62. Rxa6 Rxa6 63. Nc7+ Ke7 64. Nxa6 Ke6 65. Ke4 Ke7 66. Kd5 Kd7 67. Nc5+ Ke7 68. Ne4 Kd7 69. Nf6+ Ke7 70. g3 Kf8 71. Kd6 Kg7 72. Ke7 g5 73. Nxh5+ Kg6 74. g4 1-0

[Event "ESP-ch U16"]
[Site "Salobrena"]
[Date "2015.07.20"]
[Round "1"]
[White "Garcia Martin, Marta"]
[Black "Guniaeva, Olga"]
[Result "0-1"]
[WhiteElo "2166"]
[BlackElo "1800"]
[PlyCount "122"]
[EventDate "2015.07.20"]
[EventType "swiss"]
[EventRounds "9"]
[EventCountry "ESP"]
[SourceTitle "EXT 2016"]
[Source "ChessBase"]
[SourceDate "2015.10.08"]
[SourceVersion "1"]
[SourceVersionDate "2015.10.08"]
[SourceQuality "1"]

1. e4 c6 2. d4 d5 3. e5 Bf5 4. Nf3 e6 5. Be2 Ne7 6. 0-0 Bg6 7. b3 Nf5 8. c4 Be7 9. h3 h6 10. Nc3 0-0 11. Bb2 Nd7 12. Qd2 Rc8 13. Rac1 Nb6 14. c5 Nd7 15. b4 b6 16. Ba6 Rb8 17. a4 bxc5 18. bxc5 Qa5 19. Be2 Rb7 20. Ba1 Rfb8 21. Nxd5 Qxd2 22. Nxe7+ Nxe7 23. Nxd2 Rd8 24. Bf3 Nxe5 25. Be4 Nd3 26. Rb1 Rxb1 27. Rxb1 Nxc5 28. Bxg6 Nxg6 29. Nc4 Nxa4 30. Rb4 Nb6 31. Nxb6 axb6 32. Kh2 b5 33. Rb3 Nf4 34. Rc3 Rd6 35. Rc2 Nd5 36. Kg3 g5 37. h4 Kg7 38. hxg5 hxg5 39. Kf3 Kg6 40. Ke4 Nf6+ 41. Ke3 Ng4+ 42. Ke2 f5 43. Ra2 Nf6 44. Ra8 Nd5 45. g3 Ne7 46. Ra7 Nd5 47. Ra8 b4 48. Kd3 Nf6 49. Kc4 Ne4 50. Ra2 Rd5 51. Kxb4 Rb5+ 52. Kc4 Rb1 53. Kd3 Nxf2+ 54. Rxf2 Rxa1 55. Kc4 Rc1+ 56. Kb4 Kf6 57. Rh2 Ke7 58. Rh7+ Kd6 59. Rg7 Kd5 60. Rxg5 Rc4+ 61. Kb3 Rxd4 0-1

[Event "Tenerife-ch"]
[Site "Tenerife"]
[Date "2015.04.20"]
[Round "4"]
[White "Martin Ortega, Oscar"]
[Black "Guniaeva, Olga"]
[Result "1-0"]
[WhiteElo "1913"]
[BlackElo "1691"]
[PlyCount "83"]
[EventDate "2015.04.13"]
[EventType "swiss"]
[EventRounds "9"]
[EventCountry "ESP"]
[SourceTitle "CBM 166 Extra"]
[Source "ChessBase"]
[SourceDate "2015.06.18"]
[SourceVersion "1"]
[SourceVersionDate "2015.06.18"]
[SourceQuality "1"]

1. e4 c6 2. Nc3 d5 3. Nf3 e6 4. d4 Nd7 5. Bd3 Qc7 6. Qe2 dxe4 7. Nxe4 Ngf6 8. Nxf6+ Nxf6 9. 0-0 h6 10. c4 Bd6 11. Re1 0-0 12. c5 Bf4 13. Ne5 Bxc1 14. Raxc1 Rd8 15. Rcd1 b6 16. f4 b5 17. Bb1 Nd5 18. Rf1 f5 19. g4 Bd7 20. g5 Be8 21. gxh6 gxh6 22. Rd3 Kh7 23. Rh3 h5 24. Rxh5+ Bxh5 25. Qxh5+ Kg7 26. Rf3 Rg8 27. Rg3+ Kf8 28. Qh6+ Ke7 29. Qh4+ Nf6 30. Rg5 Rxg5+ 31. fxg5 Rg8 32. Kf1 Ne8 33. Bd3 Kd8 34. g6+ Kc8 35. Be2 Qd8 36. Qh6 Qf6 37. Nxc6 Kb7 38. Ne5 Rh8 39. Bf3+ Kc8 40. Qd2 Qe7 41. Qa5 Rxh2 42. Qa6+ 1-0

[Event "Tenerife-ch"]
[Site "Tenerife"]
[Date "2015.04.13"]
[Round "1"]
[White "Guniaeva, Olga"]
[Black "Mamani Beltran, Deniman"]
[Result "1-0"]
[WhiteElo "1691"]
[BlackElo "1102"]
[PlyCount "109"]
[EventDate "2015.04.13"]
[EventType "swiss"]
[EventRounds "9"]
[EventCountry "ESP"]
[SourceTitle "CBM 166 Extra"]
[Source "ChessBase"]
[SourceDate "2015.06.18"]
[SourceVersion "1"]
[SourceVersionDate "2015.06.18"]
[SourceQuality "1"]

1. d4 Nc6 2. c4 Nf6 3. d5 Nb8 4. Nc3 d6 5. Bg5 h6 6. Bh4 e5 7. Nf3 Be7 8. e4 Ng4 9. Bxe7 Qxe7 10. h3 Nf6 11. Bd3 c5 12. 0-0 0-0 13. a3 Bd7 14. Qb3 Bc8 15. Ne2 Na6 16. Qc2 Nb8 17. Nd2 Nbd7 18. Ng3 Nb6 19. f4 Bd7 20. b3 Be8 21. Nb1 a5 22. Nc3 a4 23. b4 cxb4 24. axb4 a3 25. Qb3 Bd7 26. Rxa3 Rxa3 27. Qxa3 Ra8 28. Qb2 exf4 29. Nge2 Nh5 30. Nb1 Na4 31. Qd4 Rb8 32. Bc2 b5 33. Bxa4 bxa4 34. b5 Ng3 35. Nxg3 fxg3 36. Rf3 Qg5 37. Qe3 Qxe3+ 38. Rxe3 Rc8 39. Na3 f5 40. exf5 Bxf5 41. Rxg3 Re8 42. Kf2 Rf8 43. Rf3 Be4 44. Rxf8+ Kxf8 45. b6 Bf5 46. b7 Bd7 47. b8Q+ Be8 48. Qxd6+ Kg8 49. Qd8 Kf8 50. d6 Kf7 51. Qe7+ Kg8 52. Qxe8+ Kh7 53. d7 g6 54. Qf7+ Kh8 55. d8R# 1-0

[Event "Canarias-ch U16"]
[Site "San Bartolome de Tirajana"]
[Date "2015.04.11"]
[Round "4"]
[White "Garcia Rodriguez, Andres"]
[Black "Guniaeva, Olga"]
[Result "0-1"]
[WhiteElo "1350"]
[BlackElo "1691"]
[PlyCount "44"]
[EventDate "2015.04.10"]
[EventType "swiss"]
[EventRounds "7"]
[EventCountry "ESP"]
[SourceTitle "EXT 2024"]
[Source "ChessBase"]
[SourceDate "2023.10.10"]
[SourceVersion "1"]
[SourceVersionDate "2023.10.10"]
[SourceQuality "1"]

1. d4 d5 2. Nf3 c5 3. e3 Nc6 4. c4 e6 5. Nc3 Nf6 6. Bd3 a6 7. 0-0 dxc4 8. Bxc4 b5 9. Be2 Bb7 10. a4 b4 11. Nb1 Qc7 12. Nbd2 Rd8 13. Nb3 cxd4 14. Nfxd4 e5 15. Bc4 exd4 16. Nxd4 Nxd4 17. exd4 Qxc4 18. Re1+ Be7 19. a5 Rxd4 20. Qa4+ Bc6 21. Qa2 b3 22. Qb1 Be4 0-1

[Event "Santa Cruz de Tenerife Primavera op"]
[Site "Santa Cruz de Tenerife"]
[Date "2015.03.24"]
[Round "7"]
[White "Herrera Reyes, Jose Antonio"]
[Black "Guniaeva, Olga"]
[Result "1-0"]
[WhiteElo "2193"]
[BlackElo "1674"]
[PlyCount "91"]
[EventDate "2015.03.10"]
[EventType "swiss"]
[EventRounds "9"]
[EventCountry "ESP"]
[SourceTitle "CBM 165 Extra"]
[Source "ChessBase"]
[SourceDate "2015.04.21"]
[SourceVersion "1"]
[SourceVersionDate "2015.04.21"]
[SourceQuality "1"]

1. Nf3 d5 2. g3 c5 3. Bg2 Nc6 4. 0-0 Bg4 5. c4 e6 6. Qa4 Qd7 7. d3 Nf6 8. cxd5 exd5 9. Bg5 Be7 10. Nc3 Be6 11. e4 d4 12. Bxf6 Bxf6 13. Nd5 Bd8 14. Rac1 Ne5 15. Qxd7+ Nxd7 16. b4 b6 17. bxc5 bxc5 18. Nf4 Bxa2 19. Bh3 Bb6 20. Ra1 Bb3 21. Rfb1 Be6 22. Nxe6 fxe6 23. Bxe6 Rf8 24. Nd2 Ke7 25. Bxd7 Kxd7 26. Nc4 Kc7 27. f4 h5 28. h4 Rab8 29. Kg2 Rf6 30. e5 Rff8 31. Kf3 g6 32. Ke4 Kc6 33. Rg1 Rg8 34. g4 hxg4 35. Rxg4 Rbf8 36. Rag1 Bc7 37. Rxg6+ Rxg6 38. Rxg6+ Kd7 39. e6+ Ke8 40. f5 Rh8 41. Kd5 Rh7 42. f6 Kf8 43. e7+ Rxe7 44. fxe7+ Kxe7 45. Rg7+ Kd8 46. h5 1-0

[Event "Santa Cruz de Tenerife Primavera op"]
[Site "Santa Cruz de Tenerife"]
[Date "2015.03.16"]
[Round "3"]
[White "Kohlman, Robert"]
[Black "Guniaeva, Olga"]
[Result "1/2-1/2"]
[WhiteElo "2160"]
[BlackElo "1674"]
[PlyCount "64"]
[EventDate "2015.03.10"]
[EventType "swiss"]
[EventRounds "9"]
[EventCountry "ESP"]
[SourceTitle "CBM 165 Extra"]
[Source "ChessBase"]
[SourceDate "2015.04.21"]
[SourceVersion "1"]
[SourceVersionDate "2015.04.21"]
[SourceQuality "1"]

1. e4 c6 2. d4 d5 3. exd5 cxd5 4. Bd3 Nc6 5. c3 Nf6 6. Bf4 Bg4 7. Qb3 Qd7 8. Ne2 Bh5 9. 0-0 e6 10. Ng3 Bg6 11. Qd1 Bd6 12. Bg5 Be7 13. f4 Bxd3 14. Qxd3 h6 15. Bxf6 Bxf6 16. Nd2 g6 17. Nf3 Qc7 18. Ne5 Nxe5 19. fxe5 Bg7 20. Rf2 0-0 21. Raf1 Rad8 22. Rf3 Qe7 23. Ne2 Rd7 24. Nf4 Qe8 25. Rg3 g5 26. Nh5 f5 27. exf6 Qxh5 28. fxg7 Rxf1+ 29. Qxf1 Rf7 30. Qe1 Qg6 31. Re3 Rf6 32. h3 Kxg7 1/2-1/2

[Event "Tenerife-ch U17"]
[Site "Santa Cruz"]
[Date "2015.03.13"]
[Round "5.2"]
[White "Guniaeva, Olga"]
[Black "Rodriguez Sabater, Lucia Iris"]
[Result "1/2-1/2"]
[WhiteElo "1674"]
[BlackElo "1485"]
[PlyCount "67"]
[EventDate "2015.02.27"]
[EventType "swiss"]
[EventRounds "7"]
[EventCountry "ESP"]
[SourceTitle "EXT 2024"]
[Source "ChessBase"]
[SourceDate "2023.10.10"]
[SourceVersion "1"]
[SourceVersionDate "2023.10.10"]
[SourceQuality "1"]

1. d4 d5 2. c4 e5 3. dxe5 d4 4. f4 Nc6 5. a3 Bg4 6. Nf3 a5 7. g3 h5 8. h4 Bc5 9. Nbd2 a4 10. Ne4 Bb6 11. Bg2 Bf5 12. Nf2 Nh6 13. Nh2 Qd7 14. Bd2 Na5 15. Bxa5 Bxa5+ 16. Kf1 Rb8 17. Rc1 0-0 18. Nf3 c5 19. Ng5 Ng4 20. Nxg4 Bxg4 21. Kf2 b5 22. cxb5 Qxb5 23. Qc2 g6 24. Qxc5 Qxe2+ 25. Kg1 Rxb2 26. Qd5 d3 27. Kh2 Bb6 28. Rhe1 Qd2 29. e6 fxe6 30. Nxe6 Bxe6 31. Qxe6+ Kh8 32. Qe5+ Kg8 33. Qd5+ Kh8 34. Qe5+ 1/2-1/2

[Event "Tenerife-ch U17"]
[Site "Santa Cruz"]
[Date "2015.03.02"]
[Round "2.3"]
[White "Mendez Acosta, Alexander Jesus"]
[Black "Guniaeva, Olga"]
[Result "1/2-1/2"]
[WhiteElo "1561"]
[BlackElo "1674"]
[PlyCount "55"]
[EventDate "2015.02.27"]
[EventType "swiss"]
[EventRounds "7"]
[EventCountry "ESP"]
[SourceTitle "EXT 2024"]
[Source "ChessBase"]
[SourceDate "2023.10.10"]
[SourceVersion "1"]
[SourceVersionDate "2023.10.10"]
[SourceQuality "1"]

1. c4 c6 2. d4 d5 3. Nc3 Nf6 4. e3 Bf5 5. Nf3 e6 6. Be2 h6 7. 0-0 Bd6 8. Nd2 0-0 9. f3 Bc7 10. e4 dxe4 11. Ndxe4 Nbd7 12. Be3 Qe7 13. Kh1 Rfd8 14. Qd2 Ba5 15. Bd3 c5 16. Qc2 cxd4 17. Bxd4 Nxe4 18. Bxe4 Bxe4 19. Nxe4 Rac8 20. Qe2 Bb6 21. Bxb6 Nxb6 22. b3 Rd7 23. Rad1 Rcd8 24. Rxd7 Qxd7 25. Nc3 Qc6 26. Qe4 Qd7 27. h3 Qe7 28. Rd1 1/2-1/2

[Event "Tenerife-ch U17"]
[Site "Santa Cruz"]
[Date "2015.02.27"]
[Round "1.3"]
[White "Guniaeva, Olga"]
[Black "Perez Garcia, Jimena"]
[Result "1-0"]
[WhiteElo "1674"]
[BlackElo "1132"]
[PlyCount "109"]
[EventDate "2015.02.27"]
[EventType "swiss"]
[EventRounds "7"]
[EventCountry "ESP"]
[SourceTitle "EXT 2024"]
[Source "ChessBase"]
[SourceDate "2023.10.10"]
[SourceVersion "1"]
[SourceVersionDate "2023.10.10"]
[SourceQuality "1"]

1. d4 Nf6 2. c4 g6 3. Nc3 Bg7 4. Nf3 d6 5. Bg5 0-0 6. e3 Nbd7 7. Be2 e5 8. 0-0 exd4 9. exd4 c5 10. Re1 h6 11. Bh4 Qb6 12. Na4 Qa5 13. Bf1 a6 14. Qb3 Qb4 15. Nc3 Qxb3 16. axb3 b6 17. Re7 Nh5 18. Nb5 g5 19. Nxd6 gxh4 20. Nxc8 Rfxc8 21. Rxd7 cxd4 22. Nxd4 a5 23. Nf5 Re8 24. Rad1 Bxb2 25. Nxh6+ Kh8 26. Nxf7+ Kg8 27. R1d6 Nf6 28. Rb7 Rab8 29. Rdxb6 Rxb7 30. Rxb7 Kf8 31. Nh6 Re7 32. Rxe7 Kxe7 33. Nf5+ Ke6 34. Nxh4 Bd4 35. Nf3 Bb6 36. h4 Ng4 37. Ng5+ Kf6 38. Nh3 Kg6 39. g3 Ne5 40. Kg2 Nc6 41. Nf4+ Kh6 42. Ne6 Kg6 43. c5 Ba7 44. f4 Kf5 45. Bc4 Nb4 46. Kf3 Nc2 47. g4+ Kf6 48. Ke4 Na3 49. g5+ Ke7 50. Bd5 Nb1 51. f5 Nc3+ 52. Ke5 Nxd5 53. Kxd5 Bb8 54. c6 Bd6 55. f6+ 1-0